| 000 | 01455nam a2200385 a 4500 | ||
|---|---|---|---|
| 001 | 000115282 | ||
| 003 | CHAP | ||
| 005 | 20220329144527.0 | ||
| 008 | 190218s2018 mx a sm |||||||spa d | ||
| 010 | _a111743 | ||
| 011 | _a112715 | ||
| 040 | _cCHAP | ||
| 090 | _aTesis | ||
| 100 | 1 |
_aEliseo de Jesús, Eliel. _9135521 |
|
| 245 | 1 | 0 |
_aProducción de huitlacoche [Ustilago maydis (D. C.) Corda] en maíces criollos en el municipio de Jilotepec, Estado de México / _h[En línea] _cpor Eliel Eliseo de Jesús. |
| 260 |
_aChapingo, Méx. : _bEl autor, _c2018. |
||
| 500 | _aPara ver el contenido del material haga clic en la liga | ||
| 502 | _aTesis ( Agr. en Horticultura Protegida) -- UACH. Departamento de Fitotecnia | ||
| 590 |
_aBATCH-UPD _b05 _c20190430 _lUCH01 _h1023 |
||
| 590 |
_aE11695DGD _b10 _c20190507 _lUCH01 _h1019 |
||
| 590 |
_aE8697GMM _b05 _c20190218 _lUCH01 _h1337 |
||
| 590 |
_aE8697GMM _b05 _c20190218 _lUCH01 _h1404 |
||
| 590 |
_aE8697GMM _b05 _c20190219 _lUCH01 _h1427 |
||
| 590 |
_aE8697GMM _b05 _c20190430 _lUCH01 _h0946 |
||
| 590 |
_aE8697GMM _b05 _c20190430 _lUCH01 _h0951 |
||
| 590 |
_aE8697GMM _b05 _c20190430 _lUCH01 _h1022 |
||
| 650 | 1 | 4 |
_aCuitlacoche _xInoculación. _930197 |
| 650 | 1 | 4 |
_aElote. _936435 |
| 650 | 1 | 4 |
_aHongos comestibles. _956124 |
| 650 | 1 | 4 |
_aMaíz _xEnfermedades por hongos. _970941 |
| 856 |
_aFinding aid _uhttp://10.13.5.2/tesis/sist115282.pdf _zTeclea aquí |
||
| 901 | _aBK | ||
| 942 | _cTESIS | ||
| 942 | _n0 | ||
| 999 |
_c111743 _d111743 |
||